Statistics for Year by Event

Click here to take the quiz!

General Stats

  • This quiz has been taken 17 times
  • The average score is 10 of 18

Answer Stats

HintAnswer% Correct
Frist World War Ends1918
100%
Japan Attacks Pear Harbor1941
100%
Apartheid Ends1994
78%
Princess Diana Death1997
78%
Hugo Chavez Death2013
78%
Napoleon Is Appointed as Emperor of the French1804
67%
Russian Revolution1917
67%
Great Depression1929
67%
Spanish Civil War Begins1936
67%
Cuban Revolution1959
67%
Military dictatorship of Chile Starts1973
67%
Mahatma Gandhi Death1948
56%
Last Beatles Show1969
56%
Darwin Published "On the Origin of Species"1859
33%
Copernicus Claims the Universe is Heliocentric1543
0%
Glorious Revolution1688
0%
First Steam Engine1712
0%
Beethoven is Born1770
0%

Score Distribution

Percentile by Number Answered

Percent of People with Each Score

Your Score History

You have not taken this quiz